The night before summer camp / (Record no. 93)

MARC details
000 -LEADER
fixed length control field 01235nam a22003137a 4500
001 - CONTROL NUMBER
control field 93
003 - CONTROL NUMBER IDENTIFIER
control field FISKH
005 - DATE AND TIME OF LATEST TRANSACTION
control field 20250827090342.0
008 - FIXED-LENGTH DATA ELEMENTS--GENERAL INFORMATION
fixed length control field 230223b cb ||||| |||| 00| 0 eng d
010 ## - LIBRARY OF CONGRESS CONTROL NUMBER
LC control number 2006100692
020 ## - INTERNATIONAL STANDARD BOOK NUMBER
International Standard Book Number 9780448446394 (pbk.)
040 ## - CATALOGING SOURCE
Original cataloging agency DLC
Transcribing agency DLC
Modifying agency DLC
-- FISKH
Language of cataloging eng
050 00 - LIBRARY OF CONGRESS CALL NUMBER
Classification number PZ8.3.W7185
Item number Ns 2007
082 00 - DEWEY DECIMAL CLASSIFICATION NUMBER
Classification number 813.16
Edition number 22
100 1# - MAIN ENTRY--PERSONAL NAME
Personal name Wing, Natasha.
245 14 - TITLE STATEMENT
Title The night before summer camp /
Statement of responsibility, etc. by Natasha Wing ; illustrated by Mindy Pierce.
260 ## - PUBLICATION, DISTRIBUTION, ETC.
Place of publication, distribution, etc. New York :
Name of publisher, distributor, etc. Penguin
Date of publication, distribution, etc. 2007
300 ## - PHYSICAL DESCRIPTION
Extent 15 leaves of plates
Other physical details col. ill. ;
Dimensions 21 cm.
490 0# - SERIES STATEMENT
Series statement Reading railroad books
520 ## - SUMMARY, ETC.
Summary, etc. In this poem based on "The Night Before Christmas," Rick has the jitters over starting summer day camp, but when he discovers that his counselor is also nervous because she is starting her first job, he feels a lot better.
521 8# - TARGET AUDIENCE NOTE
Target audience note 510<br/>
Source Lexile
521 8# - TARGET AUDIENCE NOTE
Target audience note K <br/>
Source Raz-Plus
650 #1 - SUBJECT ADDED ENTRY--TOPICAL TERM
Topical term or geographic name entry element Camps
Form subdivision Fiction.
650 #1 - SUBJECT ADDED ENTRY--TOPICAL TERM
Topical term or geographic name entry element Stories in rhyme.
700 1# - ADDED ENTRY--PERSONAL NAME
Personal name Pierce, Mindy,
Relator term ill.
906 ## - LOCAL DATA ELEMENT F, LDF (RLIN)
a 7
b cbc
c orignew
d 1
e ecip
f 20
g y-gencatlg
942 ## - ADDED ENTRY ELEMENTS (KOHA)
Source of classification or shelving scheme Dewey Decimal Classification
Koha item type Books
Suppress in OPAC No
Holdings
Withdrawn status Lost status Source of classification or shelving scheme Damaged status Not for loan Collection Home library Current library Shelving location Date acquired Total Checkouts Full call number Barcode Date last seen Date last checked out Price effective from Koha item type Copy number
    Dewey Decimal Classification     Juvenile Fiction Footprints International School Library Network Toul Kork Campus Footprints International School Library Network Toul Kork Campus TK Primary Library Room(4th Floor), Bookcase 3&4, Shelves 17-32, Yellow Books 02/23/2023 4 WIN 813.6 PZ8.W7185 FISTK00828 12/03/2024 08/23/2024 02/23/2023 Books  
    Dewey Decimal Classification     Juvenile Fiction Footprints International School Library Network Toul Tom Poung Campus Footprints International School Library Network Toul Tom Poung Campus TTP Primary Yellow Bookshelves 08/27/2025   WIN 813.6 PZ8.W7185 FIS02890 08/27/2025   08/27/2025 Books 2